Cryptoleaks Involved Countries - Statistics

General Stats
  • This quiz has been taken 44 times
  • The average score is 4 of 6
Answers on the Map
Answers color-coded by a green-red scale on the quiz's map according to % correct below.
 
Answer Stats
Group Country % Correct
Spying Countries United States
100%
Knowing Countries United Kingdom
92%
Spying Countries (West) Germany
86%
Knowing Countries Sweden
50%
Knowing Countries Switzerland
44%
Knowing Countries Israel
31%
No matching quizzes found
Score Distribution
Percent of People with Each Score
Percentile by Number Answered
Your Score History
You have not taken this quiz